000 00356nam a2200133Ia 4500
005 20251013221656.0
008 251010s9999 xx 000 0 und d
041 _amar
100 _aगडकरी मा.
_9214538
245 _aअष्टपैलू आचार्य अत्रे
250 _a1ST
260 _bShreevidya
_c1997
300 _a72
999 _c368830
_d368830